[Event "TechM GCL 2025"]
[Site "Mumbai IND"]
[Date "2025.12.17"]
[Round "4.2"]
[White "Lagno, Kateryna"]
[Black "Koneru, Humpy"]
[Result "0-1"]
[WhiteTitle "GM"]
[BlackTitle "GM"]
[WhiteElo "2508"]
[BlackElo "2535"]
[WhiteTeam "PBG Alaskan Knights"]
[BlackTeam "Upgrad Mumba Masters"]
[WhiteFideId "14109336"]
[BlackFideId "5008123"]
[EventDate "2025.12.14"]
[EventType "team"]

1. e4 g6 2. d4 Bg7 3. Nc3 d6 4. Be3 a6 5. h4 Nf6 6. h5 Nxh5 7. Rxh5 gxh5 8. Qxh5
e6 9. e5 d5 10. O-O-O Nc6 11. Nh3 Ne7 12. Ng5 Ng6 13. f4 Bd7 14. Bd3 Bb5 15. f5
Bxd3 16. cxd3 exf5 17. e6 Qd6 18. exf7+ Kd7 19. Qh3 Ne7 20. g4 f4 21. Bd2 h6 22.
Nf3 Raf8 23. Re1 Rxf7 24. g5+ Kd8 25. Re6 Qd7 26. gxh6 Rf6 27. hxg7 Rxh3 28.
Rxe7 Qg4 29. Nxd5 Rc6+ 30. Bc3 Rxf3 31. Kc2 Qg2+ 32. Kb3 Rg3 33. Nxf4 Kxe7 0-1

[Event "TechM GCL 2025"]
[Site "Mumbai IND"]
[Date "2025.12.17"]
[Round "4.2"]
[White "Khademalsharieh, Sarasadat"]
[Black "Dronavalli, Harika"]
[Result "0-1"]
[WhiteTitle "IM"]
[BlackTitle "GM"]
[WhiteElo "2414"]
[BlackElo "2466"]
[WhiteTeam "PBG Alaskan Knights"]
[BlackTeam "Upgrad Mumba Masters"]
[WhiteFideId "12512214"]
[BlackFideId "5015197"]
[EventDate "2025.12.14"]
[EventType "team"]

1. d4 e6 2. Nf3 f5 3. c4 Nf6 4. g3 Be7 5. Bg2 d5 6. O-O Ne4 7. Nc3 c6 8. Bf4 Nd7
9. Rc1 g5 10. Be5 O-O 11. Rc2 g4 12. Ne1 Nxe5 13. dxe5 Bg5 14. cxd5 exd5 15. Nd3
Qe7 16. b4 Be6 17. Na4 Rad8 18. Nac5 Nxc5 19. bxc5 f4 20. Rb2 Rd7 21. Rb4 fxg3
22. hxg3 h5 23. Qa4 a6 24. Rfb1 Bf5 25. Qb3 Rf7 26. e4 dxe4 27. Bxe4 Be6 28. Qc2
h4 29. Qe2 hxg3 30. fxg3 a5 31. R4b2 Qf8 32. Kg2 Rd4 33. Kg1 Qh6 34. Re1 Qh3 35.
Qg2 Qxg2+ 36. Rxg2 Rf3 37. Nf2 Re3 38. Rb1 Rexe4 39. Nxe4 Rxe4 40. Rxb7 Be3+ 41.
Kh2 Rxe5 42. Rb8+ Kg7 43. Rb7+ Kg6 0-1

[Event "TechM GCL 2025"]
[Site "Mumbai IND"]
[Date "2025.12.17"]
[Round "4.2"]
[White "Dardha, Daniel"]
[Black "Daneshvar, Bardiya"]
[Result "0-1"]
[WhiteTitle "GM"]
[BlackTitle "GM"]
[WhiteElo "2603"]
[BlackElo "2600"]
[WhiteTeam "PBG Alaskan Knights"]
[BlackTeam "Upgrad Mumba Masters"]
[WhiteFideId "240990"]
[BlackFideId "12576468"]
[EventDate "2025.12.14"]
[EventType "team"]

1. e4 e5 2. Nf3 Nc6 3. d3 Bc5 4. Be2 Nf6 5. Nxe5 Nxe5 6. d4 Nxe4 7. dxc5 Nxc5 8.
b4 Ne6 9. f4 Nc6 10. O-O f5 11. Bh5+ g6 12. Bb2 O-O 13. Bf3 Nxb4 14. Qd2 Qe7 15.
Nc3 c6 16. Rae1 Qc5+ 17. Kh1 Qd4 18. Qc1 Qxf4 19. Qb1 Qc4 20. Rd1 d5 21. a3 Na6
22. Nxd5 cxd5 23. Bxd5 Qc7 24. Ba1 h6 25. g4 f4 26. c4 Kh7 27. h4 Qe7 28. g5 Ng7
29. Rde1 Qd7 30. Rf2 Nc7 31. Qb4 Re8 32. Rxe8 Qxe8 33. Qc3 Nh5 34. Bf3 Ng3+ 35.
Kh2 Qf8 36. Bg2 hxg5 37. hxg5 Ne6 38. Bd5 Nxg5 39. Rxf4 Nf5 40. Rg4 Qh6+ 41. Kg1
Be6 42. Bxe6 Nxe6 43. Rg2 Nf4 44. Rh2 Nh5 45. Re2 Rf8 46. Re7+ Nxe7 0-1

[Event "TechM GCL 2025"]
[Site "Mumbai IND"]
[Date "2025.12.14"]
[Round "4.3"]
[White "Firouzja, Alireza"]
[Black "Anand, Viswanathan"]
[Result "1-0"]
[WhiteTitle "GM"]
[BlackTitle "GM"]
[WhiteElo "2762"]
[BlackElo "2743"]
[WhiteTeam "Triveni Continental Kings"]
[BlackTeam "Ganges Grandmasters"]
[WhiteFideId "12573981"]
[BlackFideId "5000017"]
[EventDate "2025.12.14"]
[EventType "team"]

1. e4 e5 2. Nc3 Nf6 3. a3 Bc5 4. Nf3 d6 5. d4 exd4 6. Nxd4 O-O 7. Be2 Re8 8. Nb3
Bb6 9. Bg5 h6 10. Bh4 g5 11. Bg3 Nxe4 12. Nxe4 Rxe4 13. O-O Nc6 14. Nd2 Re8 15.
Nc4 Bd4 16. c3 Bg7 17. Bh5 d5 18. Ne3 d4 19. Qf3 Be6 20. Nf5 Bxf5 21. Qxf5 Qf6
22. Qb5 dxc3 23. bxc3 Qxc3 24. Qxb7 Rab8 25. Qxc7 Re7 26. Qxe7 Nxe7 27. Bxb8 Qb3
28. Rab1 Qxa3 29. Rfd1 Nc6 30. Rb7 Nxb8 31. Bxf7+ Kh7 32. Rxb8 Bd4 33. Rb7 Qc5
34. Bh5+ Kg8 35. Kh1 a5 36. h3 a4 37. Rd7 Bg7 38. Rd8+ Kh7 39. Bf3 Qe5 40. Ra8
Qf4 41. Ra7 h5 42. Rdd7 Qc1+ 43. Kh2 Qf4+ 44. Kg1 Qc1+ 45. Rd1 Qc5 46. Rxa4 1-0

[Event "TechM GCL 2025"]
[Site "Mumbai IND"]
[Date "2025.12.17"]
[Round "4.3"]
[White "Wei, Yi"]
[Black "Keymer, Vincent"]
[Result "1-0"]
[WhiteTitle "GM"]
[BlackTitle "GM"]
[WhiteElo "2754"]
[BlackElo "2776"]
[WhiteTeam "Triveni Continental Kings"]
[BlackTeam "Ganges Grandmasters"]
[WhiteFideId "8603405"]
[BlackFideId "12940690"]
[EventDate "2025.12.14"]
[EventType "team"]

1. e4 c6 2. d4 d5 3. e5 Bf5 4. Nd2 e6 5. Nb3 Nd7 6. Nf3 Qc7 7. Be2 c5 8. c3 c4
9. Nbd2 b5 10. Nh4 Bg6 11. O-O Be7 12. Nxg6 hxg6 13. f4 a5 14. b3 a4 15. bxc4
bxc4 16. Qc2 a3 17. g4 Nh6 18. h3 Nb6 19. Rf3 Qc6 20. Nf1 Kd7 21. Ne3 f5 22. Rb1
Rab8 23. Bd1 Kc7 24. Rg3 g5 25. fxg5 f4 26. gxh6 fxg3 27. hxg7 Rhg8 28. Qg6 Qd7
29. Ng2 Na4 30. Rxb8 Rxb8 31. Bxa4 Qxa4 32. Ne3 Rg8 33. Qf7 Qe8 34. Qxe6 1-0

[Event "TechM GCL 2025"]
[Site "Mumbai IND"]
[Date "2025.12.17"]
[Round "4.3"]
[White "Vidit, Santosh Gujrathi"]
[Black "Sindarov, Javokhir"]
[Result "0-1"]
[WhiteTitle "GM"]
[BlackTitle "GM"]
[WhiteElo "2708"]
[BlackElo "2726"]
[WhiteTeam "Triveni Continental Kings"]
[BlackTeam "Ganges Grandmasters"]
[WhiteFideId "5029465"]
[BlackFideId "14205483"]
[EventDate "2025.12.14"]
[EventType "team"]

1. d4 Nf6 2. c4 g6 3. Nc3 Bg7 4. e4 d6 5. Nf3 O-O 6. Be2 e5 7. O-O h6 8. Re1 Nc6
9. d5 Ne7 10. b4 a5 11. bxa5 Rxa5 12. a4 Ne8 13. Nd2 c5 14. Ra3 f5 15. exf5 gxf5
16. Nb5 Ra6 17. Bb2 Nf6 18. Bd3 Ng6 19. Bc2 Kh7 20. Nf1 e4 21. f3 Ne5 22. Bxe5
dxe5 23. fxe4 f4 24. Qd2 Kh8 25. Bd1 Rg8 26. Bf3 Nh7 27. d6 Bd7 28. Qd5 Bxb5 29.
cxb5 Rxd6 30. Qxb7 Bf8 31. Qf7 Ng5 32. Qh5 c4 33. Kh1 Qb6 34. Ra2 c3 35. Bg4 Qd4
36. Rd1 Qc4 37. Raa1 Rxd1 38. Rxd1 Nxe4 39. Qxe5+ Bg7 40. Qxf4 Re8 41. Ne3 Qc5
42. Bd7 c2 43. Rc1 Nf2+ 44. Qxf2 Rxe3 45. Bf5 Bd4 46. Qf4 Kg7 47. h3 Be5 48.
Qg4+ Kf8 49. Bxc2 Qxc2 50. Rf1+ Ke7 51. Qh4+ Kd7 52. Qxh6 Qe4 53. Qh5 Re2 54.
Qg4+ Qxg4 55. hxg4 Re4 56. g3 Rxa4 57. Kg2 Rxg4 58. Rf3 Rb4 59. Kh3 Ke6 60. g4
Bf4 61. Kh4 Ke5 62. Kh5 Rxb5 63. Rf1 Ke4+ 64. Kg6 Rb6+ 65. Kf7 Ra6 66. g5 Bxg5
67. Re1+ Kf5 68. Rf1+ Bf4 69. Ke7 Ra7+ 70. Ke8 Ke6 71. Re1+ Be5 72. Rd1 Rb7 73.
Rd2 Rc7 74. Rd1 Bc3 75. Kd8 Rc5 76. Ke8 Rc7 77. Kd8 Rc4 78. Ke8 Ba5 79. Kf8 Rg4
80. Rc1 Bb4+ 81. Ke8 Rg8# 0-1

[Event "TechM GCL 2025"]
[Site "Mumbai IND"]
[Date "2025.12.17"]
[Round "4.3"]
[White "Zhu, Jiner"]
[Black "Shuvalova, Polina"]
[Result "1/2-1/2"]
[WhiteTitle "GM"]
[BlackTitle "IM"]
[WhiteElo "2579"]
[BlackElo "2502"]
[WhiteTeam "Triveni Continental Kings"]
[BlackTeam "Ganges Grandmasters"]
[WhiteFideId "8608059"]
[BlackFideId "24171760"]
[EventDate "2025.12.14"]
[EventType "team"]

1. d4 d5 2. Nf3 Nf6 3. Bf4 c5 4. e3 Nc6 5. Nbd2 Nh5 6. dxc5 Nxf4 7. exf4 g6 8.
c3 Bh6 9. g3 O-O 10. Bg2 b6 11. cxb6 Qxb6 12. Qb3 Rb8 13. Qxb6 Rxb6 14. Nb3 a5
15. O-O-O e6 16. Nbd4 Bd7 17. Nxc6 Bxc6 18. Ne5 Rfb8 19. Nxc6 Rxc6 20. Rhe1 Rcb6
21. Re2 Bg7 22. Rc2 h5 23. a4 Bf6 24. Bf1 R6b7 25. Bb5 Rc7 26. Rd3 Rbc8 27. h3
Kg7 28. Kd2 Rc5 29. Rc1 h4 30. Re1 R8c7 31. Ke2 Rc8 32. Kf3 Rh8 33. g4 Rhc8 34.
Red1 Rd8 35. g5 Be7 36. c4 f6 37. Kg4 fxg5 38. fxg5 Rf8 39. cxd5 Rxf2 40. Kxh4
Rxb2 41. R1d2 Rb4+ 42. Rd4 Rxd5 43. Rxb4 Bxg5+ 44. Kg4 Bxd2 45. Re4 Kf6 46. Kf3
Rh5 47. h4 Rc5 48. Ke2 Bh6 49. Bd3 Rc8 50. Rg4 Rg8 51. Rc4 Bf8 52. Rf4+ Ke5 53.
Rg4 Kf6 54. Rf4+ Kg7 55. Re4 Rh8 56. Rxe6 Rxh4 57. Rxg6+ Kf7 58. Ra6 Bb4 1/2-1/2

[Event "TechM GCL 2025"]
[Site "Mumbai IND"]
[Date "2025.12.17"]
[Round "4.3"]
[White "Kosteniuk, Alexandra"]
[Black "Tsolakidou, Stavroula"]
[Result "1-0"]
[WhiteTitle "GM"]
[BlackTitle "IM"]
[WhiteElo "2483"]
[BlackElo "2479"]
[WhiteTeam "Triveni Continental Kings"]
[BlackTeam "Ganges Grandmasters"]
[WhiteFideId "4128125"]
[BlackFideId "4264312"]
[EventDate "2025.12.14"]
[EventType "team"]

1. e4 c5 2. c3 d5 3. exd5 Qxd5 4. d4 Nc6 5. Nf3 Bf5 6. Be2 cxd4 7. cxd4 Bxb1 8.
Rxb1 e6 9. O-O Bd6 10. b4 Nf6 11. b5 Ne7 12. Rb3 Rd8 13. Bb2 Qf5 14. Bd3 Qh5 15.
Ne5 Qxd1 16. Rxd1 Nfd5 17. Be4 f6 18. Nc4 Bc7 19. g3 Kf7 20. a4 Nf5 21. Bf3 b6
22. Re1 Rd7 23. Ne3 Nfe7 24. Rc1 Bb8 25. Ba3 g5 26. Nxd5 Nxd5 27. Bh5+ Kg7 28.
Rc6 Nc7 29. Rbc3 Rhd8 30. Rc1 Kh6 31. Be2 Kg6 32. Bb2 h5 33. h3 h4 34. gxh4 gxh4
35. Bg4 f5 36. Bf3 Kf7 37. Bh5+ Ke7 38. Re1 Rg8+ 39. Kf1 Rg5 40. Bf3 Kf7 41. Bc1
Rg8 42. Bh5+ Ke7 43. Ba3+ Kf6 44. Bd6 Rgd8 45. Bxc7 Bxc7 46. Rexe6+ Kg5 47. Be2
Bd6 48. d5 Bc5 49. Bc4 Rg7 50. Ke2 Kf4 51. Rh6 Rg2 52. Rxh4+ Kg5 53. Rh7 Rxf2+
54. Ke1 Rb2 55. Re6 Kf4 56. Re2 Rb1+ 57. Kd2 Rb2+ 58. Kd3 Rxe2 59. Kxe2 Re8+ 60.
Kd2 Re3 61. Rxa7 Rxh3 62. Ra8 Ke5 63. Bd3 Rh2+ 64. Kc3 Rh3 65. Kc2 Kxd5 66. Bxf5
Rh2+ 67. Kd3 Rf2 68. Be4+ Ke5 69. Re8+ Kd6 70. Bc6 Ra2 71. Re4 Ra3+ 72. Kc2 Ra2+
73. Kb3 Ra3+ 74. Kb2 Rg3 75. Rh4 Kc7 76. Rh7+ Kd6 77. Rd7+ Ke6 78. Rd8 Ba3+ 79.
Kc2 Bc5 80. Bd5+ Ke5 81. Bc4 Ra3 82. Bb3 Ra1 83. Rd5+ Ke4 84. Rxc5 bxc5 85. b6
Rg1 86. b7 c4 1-0

[Event "TechM GCL 2025"]
[Site "Mumbai IND"]
[Date "2025.12.17"]
[Round "4.3"]
[White "Maurizzi, MarcAndria"]
[Black "Sadhwani, Raunak"]
[Result "1/2-1/2"]
[WhiteTitle "GM"]
[BlackTitle "GM"]
[WhiteElo "2611"]
[BlackElo "2638"]
[WhiteTeam "Triveni Continental Kings"]
[BlackTeam "Ganges Grandmasters"]
[WhiteFideId "36083534"]
[BlackFideId "35093487"]
[EventDate "2025.12.14"]
[EventType "team"]

1. e4 e5 2. Nf3 Nc6 3. Bb5 Nf6 4. O-O Nxe4 5. Re1 Nd6 6. Nxe5 Be7 7. Bf1 Nxe5 8.
Rxe5 O-O 9. d4 Bf6 10. Re2 Nc4 11. b3 Nb6 12. a4 Nd5 13. Re1 Ne7 14. c3 d5 15.
Ba3 Re8 16. Bd3 Ng6 17. Nd2 Rxe1+ 18. Qxe1 Be6 19. Nf3 Qd7 20. Qe3 Bf5 21. Re1
Bxd3 22. Qxd3 Re8 23. Rxe8+ Qxe8 24. g3 c6 25. h4 h6 26. Kf1 Qe6 27. Ne1 Be7 28.
Bxe7 Nxe7 29. Qe2 Qxe2+ 30. Kxe2 Nf5 31. Nd3 Nd6 1/2-1/2

[Event "TechM GCL 2025"]
[Site "Mumbai IND"]
[Date "2025.12.14"]
[Round "5.1"]
[White "Vachier-Lagrave, Maxime"]
[Black "Firouzja, Alireza"]
[Result "0-1"]
[WhiteTitle "GM"]
[BlackTitle "GM"]
[WhiteElo "2734"]
[BlackElo "2762"]
[WhiteTeam "Upgrad Mumba Masters"]
[BlackTeam "Triveni Continental Kings"]
[WhiteFideId "623539"]
[BlackFideId "12573981"]
[EventDate "2025.12.14"]
[EventType "team"]

1. e4 c5 2. Nf3 d6 3. d4 cxd4 4. Nxd4 Nf6 5. Nc3 a6 6. Be2 e6 7. Be3 Qc7 8. a4
Be7 9. O-O Nc6 10. Nb3 b6 11. f4 O-O 12. Bf3 Rb8 13. g4 Na5 14. g5 Nd7 15. Nd2
b5 16. axb5 axb5 17. Be2 b4 18. Nb5 Qd8 19. Nf3 Nc5 20. e5 d5 21. Nbd4 Bd7 22.
b3 Nab7 23. Nd2 Ra8 24. Bf3 Rxa1 25. Qxa1 Na5 26. h4 Nc6 27. Kg2 Qc7 28. Ne2 Na7
29. c3 Nb5 30. cxb4 Nd3 31. Qb1 Nxb4 32. Rc1 Qb8 33. Nd4 Rc8 34. Nf1 Nxd4 35.
Bxd4 Bb5 36. Rxc8+ Qxc8 37. Ne3 Nd3 38. f5 Bc5 39. Qa1 Bb4 40. Bg4 Nf4+ 41. Kf2
Bd7 42. fxe6 fxe6 43. Kg3 Nd3 44. Qf1 Nc5 45. h5 Ne4+ 46. Kg2 Nxg5 47. h6 gxh6
48. Qf6 Bf8 49. Nxd5 Bc6 50. Bf3 Bxd5 51. Bxd5 exd5 52. e6 Qxe6 0-1

[Event "TechM GCL 2025"]
[Site "Mumbai IND"]
[Date "2025.12.18"]
[Round "5.1"]
[White "So, Wesley"]
[Black "Wei, Yi"]
[Result "1/2-1/2"]
[WhiteTitle "GM"]
[BlackTitle "GM"]
[WhiteElo "2753"]
[BlackElo "2754"]
[WhiteTeam "Upgrad Mumba Masters"]
[BlackTeam "Triveni Continental Kings"]
[WhiteFideId "5202213"]
[BlackFideId "8603405"]
[EventDate "2025.12.14"]
[EventType "team"]

1. e4 c5 2. Nf3 d6 3. d4 cxd4 4. Nxd4 Nf6 5. Nc3 a6 6. Be2 e5 7. Nb3 Be7 8. O-O
O-O 9. Bf3 Be6 10. Re1 Qc7 11. a4 Rc8 12. a5 Nbd7 13. Be3 Rab8 14. h3 h6 15. Ba7
Ra8 16. Be3 Rab8 17. Nd2 Bf8 18. Nf1 g6 19. Bd2 b5 20. axb6 Rxb6 21. Na4 Rbb8
22. Ne3 Qc6 23. Ng4 Qxc2 24. Nxh6+ Kh7 25. Ng4 Qxd1 26. Bxd1 Nxe4 27. Rxe4 f5
28. Re1 fxg4 29. Bxg4 Bxg4 30. hxg4 Rc4 31. Rec1 1/2-1/2

[Event "TechM GCL 2025"]
[Site "Mumbai IND"]
[Date "2025.12.18"]
[Round "5.1"]
[White "Mamedyarov, Shakhriyar"]
[Black "Vidit, Santosh Gujrathi"]
[Result "1/2-1/2"]
[WhiteTitle "GM"]
[BlackTitle "GM"]
[WhiteElo "2730"]
[BlackElo "2708"]
[WhiteTeam "Upgrad Mumba Masters"]
[BlackTeam "Triveni Continental Kings"]
[WhiteFideId "13401319"]
[BlackFideId "5029465"]
[EventDate "2025.12.14"]
[EventType "team"]

1. c4 e5 2. Nc3 Nf6 3. g3 Bb4 4. Bg2 O-O 5. e4 Bxc3 6. bxc3 c6 7. Ne2 d5 8. exd5
cxd5 9. d4 exd4 10. O-O Nc6 11. Nxd4 Bg4 12. Nxc6 bxc6 13. Qc2 Re8 14. Bg5 Be2
15. Rfe1 Bxc4 16. Rxe8+ Qxe8 17. Bxf6 gxf6 18. Bf3 Qe5 19. Kg2 Re8 20. Rb1 Kg7
21. a4 Rb8 22. Rxb8 Qxb8 23. Qf5 Qe8 24. Qg4+ Kh8 25. h4 Qe6 26. Qd4 Qe7 27. Kh2
c5 28. Qg4 Qe6 29. Qf4 Qe5 30. Qg4 d4 31. Qc8+ Kg7 32. Qg4+ Kh8 33. Qc8+ Kg7 34.
Qg4+ Kh8 35. Qc8+ Kg7 1/2-1/2

[Event "TechM GCL 2025"]
[Site "Mumbai IND"]
[Date "2025.12.18"]
[Round "5.1"]
[White "Koneru, Humpy"]
[Black "Zhu, Jiner"]
[Result "1/2-1/2"]
[WhiteTitle "GM"]
[BlackTitle "GM"]
[WhiteElo "2535"]
[BlackElo "2579"]
[WhiteTeam "Upgrad Mumba Masters"]
[BlackTeam "Triveni Continental Kings"]
[WhiteFideId "5008123"]
[BlackFideId "8608059"]
[EventDate "2025.12.14"]
[EventType "team"]

1. Nf3 Nf6 2. g3 d5 3. Bg2 e6 4. d4 Be7 5. c4 O-O 6. Qd3 Nbd7 7. O-O c6 8. b3 b6
9. Nc3 Bb7 10. Rd1 Rc8 11. Bb2 Re8 12. Rac1 h6 13. Nd2 e5 14. dxe5 Nxe5 15. Qf5
Bd6 16. cxd5 cxd5 17. Nb5 Bb8 18. Nf3 Nxf3+ 19. Qxf3 Rxc1 20. Rxc1 Ne4 21. e3
Qd7 22. Nd4 Be5 23. Qe2 Rc8 24. Rc2 Rc7 25. Bf3 Rxc2 26. Qxc2 g6 27. h4 h5 28.
Bg2 Qc7 29. Qxc7 Bxc7 30. Nb5 Bb8 31. Bd4 Kf8 32. Nc3 Ke7 33. Nxe4 dxe4 34. Kf1
Ba6+ 35. Ke1 f5 36. Bf1 Bxf1 37. Kxf1 Ke6 38. Ke2 Kd5 39. Bc3 Bd6 1/2-1/2

[Event "TechM GCL 2025"]
[Site "Mumbai IND"]
[Date "2025.12.18"]
[Round "5.1"]
[White "Dronavalli, Harika"]
[Black "Kosteniuk, Alexandra"]
[Result "1/2-1/2"]
[WhiteTitle "GM"]
[BlackTitle "GM"]
[WhiteElo "2466"]
[BlackElo "2483"]
[WhiteTeam "Upgrad Mumba Masters"]
[BlackTeam "Triveni Continental Kings"]
[WhiteFideId "5015197"]
[BlackFideId "4128125"]
[EventDate "2025.12.14"]
[EventType "team"]

1. Nf3 d5 2. g3 Nf6 3. Bg2 Bf5 4. O-O e6 5. d3 Nc6 6. Nbd2 h6 7. c4 Be7 8. a3 a5
9. cxd5 exd5 10. Nb3 O-O 11. Be3 a4 12. Nbd4 Nxd4 13. Nxd4 Bd7 14. Nf3 c5 15.
Bd2 Qb6 16. Qc2 Rfe8 17. Rfe1 Be6 18. e3 d4 19. exd4 cxd4 20. Bf4 Nd5 21. Be5
Bc5 22. Rac1 Ra5 23. Nd2 Qd8 24. b4 axb3 25. Nxb3 Ne3 26. fxe3 Bxb3 27. Qxb3
Rxe5 28. exd4 Qxd4+ 29. Kh1 Rxa3 30. Qxb7 Rxe1+ 31. Rxe1 Ra1 32. Qc8+ Bf8 33.
Qe8 Rxe1+ 34. Qxe1 Qxd3 35. Qf1 Qd4 36. Qe2 g6 37. Bf3 h5 38. Kg2 Bc5 39. Qf1
Kg7 40. Kh1 h4 41. gxh4 Qxh4 42. Qe2 Bd4 43. Bg2 Qg5 44. Qf1 Be5 45. Qf3 Qh4 46.
Qh3 Qe1+ 47. Bf1 Bd4 48. Qg2 Qe3 49. Be2 f5 50. Bf1 g5 51. h3 Kg6 52. Qc6+ Kh5
53. Qg2 Kh4 54. Kh2 Be5+ 55. Kh1 Qg3 56. Qxg3+ Kxg3 57. Bd3 f4 58. Bf1 Bd4 59.
Bd3 f3 60. Bf5 Bc5 61. Bd7 Kf2 62. Bb5 Bd6 63. Ba6 Bf4 64. Bb5 Bg3 65. Ba6 Bc7
66. Bb5 Ke1 67. Ba6 Kf2 68. Bb5 Kg3 69. Bd7 f2 70. Bb5 Kxh3 71. Bf1+ Kg3 72. Bb5
Kf3 73. Bc6+ Kg3 74. Bb5 g4 75. Ba6 Bd6 76. Bb5 Kf3 77. Bc6+ Ke2 78. Bb5+ Kf3
79. Bc6+ Kg3 80. Bb5 Bc5 81. Ba6 Kf3 82. Bb7+ Ke2 83. Ba6+ Ke1 84. Kg2 1/2-1/2

[Event "TechM GCL 2025"]
[Site "Mumbai IND"]
[Date "2025.12.18"]
[Round "5.1"]
[White "Daneshvar, Bardiya"]
[Black "Maurizzi, MarcAndria"]
[Result "1/2-1/2"]
[WhiteTitle "GM"]
[BlackTitle "GM"]
[WhiteElo "2600"]
[BlackElo "2611"]
[WhiteTeam "Upgrad Mumba Masters"]
[BlackTeam "Triveni Continental Kings"]
[WhiteFideId "12576468"]
[BlackFideId "36083534"]
[EventDate "2025.12.14"]
[EventType "team"]

1. e4 e5 2. Nf3 Nc6 3. Bb5 Nf6 4. d3 Bc5 5. Bxc6 dxc6 6. h3 Qe7 7. Nc3 Bd7 8.
Qe2 O-O-O 9. a3 Kb8 10. b4 Bd6 11. Be3 h6 12. Nd2 Be6 13. Nc4 Nd7 14. Na5 Nb6
15. Nd1 c5 16. c3 g5 17. Nb2 h5 18. Rb1 cxb4 19. axb4 Rdf8 20. Nbc4 f5 21. Ra1
f4 22. Nxd6 cxd6 23. Bxb6 axb6 24. Nc4 Kc7 25. d4 g4 26. Na3 Ra8 27. hxg4 hxg4
28. Rxh8 Rxh8 29. Kd2 Rh2 30. Nb5+ Kb8 31. Qf1 f3 32. g3 Qg5+ 33. Kc2 exd4 34.
cxd4 Qe3 35. Ra8+ Kxa8 36. Qa1+ Kb8 37. Qa7+ Kc8 38. Qa8+ Kd7 39. Qxb7+ Ke8 40.
Nc7+ Kf8 41. Nxe6+ Ke8 42. Nc7+ Kd8 43. Ne6+ Ke8 44. Ng7+ Kf8 45. Ne6+ Ke8 1/2-1/2

[Event "TechM GCL 2025"]
[Site "Mumbai IND"]
[Date "2025.12.14"]
[Round "5.2"]
[White "Gukesh, D"]
[Black "Caruana, Fabiano"]
[Result "1-0"]
[WhiteTitle "GM"]
[BlackTitle "GM"]
[WhiteElo "2754"]
[BlackElo "2795"]
[WhiteTeam "PBG Alaskan Knights"]
[BlackTeam "Alpine SG Pipers"]
[WhiteFideId "46616543"]
[BlackFideId "2020009"]
[EventDate "2025.12.14"]
[EventType "team"]

1. e4 e5 2. Nf3 Nc6 3. Bc4 Nf6 4. d3 Be7 5. Nbd2 O-O 6. a4 d6 7. O-O a5 8. c3
Be6 9. Re1 Bxc4 10. Nxc4 h6 11. Bd2 Re8 12. b4 Bf8 13. b5 Nb8 14. Qc2 Nbd7 15.
d4 b6 16. Rad1 Qc8 17. Bc1 g6 18. Bb2 Bg7 19. dxe5 dxe5 20. Ba3 Bf8 21. Bxf8
Kxf8 22. Ne3 Kg7 23. Nd5 c6 24. bxc6 Qxc6 25. c4 Re6 26. Qb2 Rae8 27. h3 Nh7 28.
Rb1 Nc5 29. Qa1 Nd7 30. Rb5 Nhf6 31. Nd2 Rb8 32. f4 Kh7 33. Rf1 exf4 34. Rxf4
Rf8 35. Nf3 Nh5 36. Nd4 Qd6 37. Nxe6 Qxe6 38. Rg4 Ne5 39. Nc7 Qe7 40. Qxe5 1-0

[Event "TechM GCL 2025"]
[Site "Mumbai IND"]
[Date "2025.12.18"]
[Round "5.2"]
[White "Erigaisi, Arjun"]
[Black "Giri, Anish"]
[Result "1-0"]
[WhiteTitle "GM"]
[BlackTitle "GM"]
[WhiteElo "2775"]
[BlackElo "2760"]
[WhiteTeam "PBG Alaskan Knights"]
[BlackTeam "Alpine SG Pipers"]
[WhiteFideId "35009192"]
[BlackFideId "24116068"]
[EventDate "2025.12.14"]
[EventType "team"]

1. d4 Nf6 2. c4 e6 3. Nf3 d5 4. Nc3 c6 5. Bg5 h6 6. Bh4 Be7 7. e3 O-O 8. Qc2
Nbd7 9. g4 Nxg4 10. Bg3 dxc4 11. Rg1 Ngf6 12. O-O-O Nd5 13. Bxc4 b5 14. Nxd5
cxd5 15. Bd3 Ba6 16. Kb1 Rc8 17. Qe2 Kh8 18. Ne5 Nf6 19. Bf4 Qe8 20. Qf3 Rg8 21.
Bxh6 gxh6 22. Qf4 Rg5 23. Rxg5 hxg5 24. Qxg5 Nh7 25. Qh5 1-0

[Event "TechM GCL 2025"]
[Site "Mumbai IND"]
[Date "2025.12.18"]
[Round "5.2"]
[White "Dominguez Perez, Leinier"]
[Black "Praggnanandhaa, R"]
[Result "1-0"]
[WhiteTitle "GM"]
[BlackTitle "GM"]
[WhiteElo "2738"]
[BlackElo "2761"]
[WhiteTeam "PBG Alaskan Knights"]
[BlackTeam "Alpine SG Pipers"]
[WhiteFideId "3503240"]
[BlackFideId "25059530"]
[EventDate "2025.12.14"]
[EventType "team"]

1. e4 c6 2. d4 d5 3. e5 Bf5 4. Nf3 e6 5. Be2 c5 6. Be3 Qb6 7. Nc3 c4 8. Rb1 Qd8
9. O-O Bb4 10. Bg5 Qd7 11. Nh4 Bg6 12. Nxg6 hxg6 13. Bd2 Nc6 14. b3 Bxc3 15.
Bxc3 b5 16. bxc4 bxc4 17. Bb2 Nge7 18. c3 f6 19. f4 Kf7 20. Ba3 Rab8 21. Qd2 Nf5
22. g4 Nfe7 23. Bd6 Rb6 24. Bc5 Rbb8 25. Kg2 Rb7 26. Qc2 Rhb8 27. Bd6 Rxb1 28.
Rxb1 Rb7 29. Bd1 Qc8 30. Rxb7 Qxb7 31. Qc1 f5 32. h3 Nc8 33. Bc5 N8e7 34. Bc2
Qb5 35. Qb1 Qxb1 36. Bxb1 Nc8 37. Bc2 Nb6 38. Kg3 Nd8 39. Kh4 Kg8 40. a4 Nc8 41.
a5 Nc6 42. Ba4 N8e7 43. Kg5 Kf7 44. a6 Nb8 45. Bb5 Nbc6 46. Bd6 fxg4 47. hxg4
Kg8 48. Bc5 Kf7 49. Ba4 Nb8 50. Bxe7 Nxa6 51. Bd6 1-0

[Event "TechM GCL 2025"]
[Site "Mumbai IND"]
[Date "2025.12.18"]
[Round "5.2"]
[White "Lagno, Kateryna"]
[Black "Hou, Yifan"]
[Result "1-0"]
[WhiteTitle "GM"]
[BlackTitle "GM"]
[WhiteElo "2508"]
[BlackElo "2613"]
[WhiteTeam "PBG Alaskan Knights"]
[BlackTeam "Alpine SG Pipers"]
[WhiteFideId "14109336"]
[BlackFideId "8602980"]
[EventDate "2025.12.14"]
[EventType "team"]

1. e4 c5 2. Nf3 e6 3. Nc3 a6 4. d4 cxd4 5. Nxd4 Qc7 6. Bd3 Nf6 7. O-O Bc5 8. Nb3
Ba7 9. Qe2 Nc6 10. Be3 Bxe3 11. Qxe3 d6 12. a4 b6 13. Rad1 O-O 14. Be2 Bb7 15.
Rd2 Rfd8 16. Rfd1 h6 17. h3 Rac8 18. Qg3 Ne5 19. Qe3 Qc6 20. Rd4 Rd7 21. f4 Ng6
22. Rc4 Qxc4 23. Bxc4 Rxc4 24. Qxb6 Bxe4 25. Qxa6 Rxc3 26. bxc3 Bxc2 27. Rxd6
Rc7 28. Nd4 Be4 29. Nb5 Rc5 30. Qb6 Rf5 31. Rd8+ Kh7 32. Nd6 Rxf4 33. Nxe4 Nxe4
34. a5 Ng3 35. Rd1 Ne2+ 36. Kh2 Nxc3 37. Ra1 Nd5 38. Qc5 Nh4 1-0